Indexing time series using sample entropy
Salvato in:
| Autore principale: | |
|---|---|
| Altri autori: | |
| Natura: | Manoscritto Libro |
| Lingua: | slovacco inglese |
| Pubblicazione: |
Bratislava :
STU v Bratislave FEI,
2021
|
| Soggetti: | |
| Accesso online: | https://opac.crzp.sk/?fn=detailBiblioForm&sid=983A108C82E0ACEA9E5C746AE8A0&seo=CRZP-detail-kniha |
| Tags: |
Nessun Tag, puoi essere il primo ad aggiungerne!!
|
MARC
| LEADER | 00000ntm a22000003a 4500 | ||
|---|---|---|---|
| 001 | stuzp85113 | ||
| 003 | SK-STU | ||
| 005 | 20220118103115.3 | ||
| 007 | ta | ||
| 008 | 150427s2015----xo-----f-mn---000-0-slo-d | ||
| 040 | |a STU |b slo | ||
| 041 | 0 | |a eng | |
| 044 | |a xo | ||
| 100 | 1 | |a Kováčik, Martin |u 035000 |4 aut |U FEI Fakulta elektrotechniky a informatiky |T FEI Ústav informatiky a matematiky |X 97837 |U E050 |Y 816 |7 97837 | |
| 242 | 0 | 1 | |a Indexovanie časových radov s použitím sample entropy |y slo |
| 245 | 1 | 0 | |a Indexing time series using sample entropy |
| 260 | |a Bratislava : |b STU v Bratislave FEI, |c 2021 | ||
| 300 | |a 53 s., príl. | ||
| 650 | 4 | |a časové rady |2 slo | |
| 650 | 4 | |a sample entropy |2 slo | |
| 650 | 4 | |a dotazy rôznej dĺžky |2 slo | |
| 650 | 4 | |a index |2 slo | |
| 650 | 4 | |a time series |2 eng | |
| 650 | 4 | |a sample entropy |2 eng | |
| 650 | 4 | |a variable length search |2 eng | |
| 650 | 4 | |a index |2 eng | |
| 700 | 1 | |a Drozda, Martin |u 035000 |k Z1 |4 ths |U FEI Fakulta elektrotechniky a informatiky |T FEI Ústav informatiky a matematiky |X 71006 |U E050 |Y 816 |7 A000071006 | |
| 856 | 4 | |u https://opac.crzp.sk/?fn=detailBiblioForm&sid=983A108C82E0ACEA9E5C746AE8A0&seo=CRZP-detail-kniha | |